| 000 | 00338nam a2200133Ia 4500 | ||
|---|---|---|---|
| 008 | 230312s9999||||xx |||||||||||||| ||und|| | ||
| 020 | _a978-0500284346 | ||
| 082 |
_a745.4092 _bWAG-B |
||
| 100 | _aWaggoner;Diane | ||
| 245 | 0 | _aBeauty of Life: William Morris & the Art of design | |
| 260 | _c2014 | ||
| 650 | _aArchitecture | ||
| 942 | _cBK | ||
| 999 |
_c14437 _d14437 |
||